1954: NFL Teams with the Most Points - Statistics

General Stats
  • This quiz has been taken 10 times
  • The average score is 4 of 5
Answer Stats
Number of points NFL Team % Correct
337 Detroit Lions
100%
301 Chicago Bears
88%
336 Cleveland Browns
75%
314 Los Angeles Rams
75%
313 San Francisco 49ers
75%
No matching quizzes found
Score Distribution
Percent of People with Each Score
Percentile by Number Answered
Your Score History
You have not taken this quiz